[Event "Lichtenberger Sommer 2024"]
[Site "Berlin"]
[Date "2024.08.18"]
[Round "9.48"]
[White "Lorenz, Veronika"]
[Black "Eroglu, Ilgin Deniz"]
[Result "1-0"]
[WhiteElo "1884"]
[BlackElo "1472"]
[PlyCount "61"]
[EventDate "2024.08.10"]
[WhiteTeam "TSG Oberschöneweide e.V."]
[BlackTeam "Sampiyon Mersin"]

1. e4 c5 2. Nf3 Nc6 3. d4 cxd4 4. Nxd4 e5 5. Nb5 d6 6. c4 Be7 7. N5c3 Nf6 8.
Bd3 O-O 9. O-O h6 10. Nd5 Nxd5 11. exd5 Nb4 12. f4 exf4 13. Nc3 Qb6+ 14. Kh1
Qd4 15. Bh7+ Kxh7 16. Qxd4 Bf5 17. Qxf4 Bg6 18. Ne4 Nd3 19. Qe3 Nb4 20. Qb3
Bxe4 21. Qxb4 b6 22. Bf4 Rfd8 23. Rae1 f5 24. Rxe4 fxe4 25. c5 Kg8 26. Qxe4 Bf8
27. cxd6 Re8 28. Qg6 Red8 29. Bxh6 Rxd6 30. Rxf8+ Kxf8 31. Qxd6+ 1-0

[Event "Lichtenberger Sommer 2024"]
[Site "Berlin"]
[Date "2024.08.18"]
[Round "9.49"]
[White "Sauer, Jakob"]
[Black "Oppermann, Peter"]
[Result "1-0"]
[WhiteElo "1644"]
[BlackElo "1872"]
[PlyCount "45"]
[EventDate "2024.08.10"]
[WhiteTeam "TSG Oberschöneweide e.V."]
[BlackTeam "SK Bad Harzburg"]

1. e4 e6 2. d4 d5 3. e5 c5 4. c3 Nc6 5. Nf3 Qb6 6. b3 Nh6 7. Ba3 Be7 8. Be2 O-O
9. O-O f6 10. exf6 gxf6 11. Bxc5 Bxc5 12. dxc5 Qxc5 13. Qc2 e5 14. Qd2 Nf7 15.
Rd1 Be6 16. h3 Rad8 17. Nh2 d4 18. c4 f5 19. Bh5 e4 20. Qf4 Nce5 21. g4 Nd3 22.
Bxf7+ Rxf7 23. Qg5+ 1-0

[Event "Lichtenberger Sommer 2024"]
[Site "Berlin"]
[Date "2024.08.18"]
[Round "9.50"]
[White "Runge, David Pascal"]
[Black "Kohlmeyer, Dagobert"]
[Result "1-0"]
[WhiteElo "1448"]
[BlackElo "1872"]
[PlyCount "109"]
[EventDate "2024.08.10"]
[WhiteTeam "SG Lasker Steglitz"]
[BlackTeam "SG Weißensee 49 e.V."]

1. e4 e6 2. d4 d5 3. exd5 exd5 4. Nf3 Nf6 5. Bd3 Bd6 6. O-O O-O 7. Bg5 h6 8.
Bh4 b6 9. Nbd2 c6 10. c3 Be6 11. Qc2 Re8 12. Rfe1 Nbd7 13. Ne5 Qc7 14. Nxd7
Nxd7 15. Bg3 Bxg3 16. hxg3 Nf6 17. Bf5 Qd6 18. Bxe6 Rxe6 19. Rxe6 Qxe6 20. Nf3
Re8 21. Rd1 Qc8 22. Re1 Rxe1+ 23. Nxe1 Qe6 24. Qd1 h5 25. Nd3 g6 26. Qe1 Qxe1+
27. Nxe1 Nd7 28. Kf1 Kf8 29. Ke2 Ke7 30. Nd3 Kd6 31. Ke3 g5 32. f3 a5 33. b3 f6
34. Nb2 f5 35. Nd1 b5 36. Nf2 a4 37. Nh3 g4 38. Nf4 Nf6 39. bxa4 bxa4 40. a3 c5
41. Nd3 cxd4+ 42. cxd4 Nd7 43. Kf4 Nb6 44. Nc5 Nc4 45. Nxa4 Nxa3 46. Nc3 Ke6
47. Kg5 Nc2 48. Ne2 gxf3 49. gxf3 Ne3 50. Kxh5 Kf6 51. g4 fxg4 52. fxg4 Kg7 53.
Kg5 Kf7 54. Ng3 Ke6 55. Nf5 1-0

[Event "Lichtenberger Sommer 2024"]
[Site "Berlin"]
[Date "2024.08.18"]
[Round "9.51"]
[White "Buehring, Stefan"]
[Black "Reiche, Andreas"]
[Result "1-0"]
[WhiteElo "1780"]
[BlackElo "1939"]
[PlyCount "161"]
[EventDate "2024.08.10"]
[WhiteTeam "vereinslos"]
[BlackTeam "SV Berolina Mitte e.V."]

1. d4 Nf6 2. Nf3 c5 3. c3 e6 4. Bf4 Nc6 5. e3 Be7 6. Nbd2 O-O 7. Bd3 d5 8. Ne5
Nd7 9. Ndf3 f5 10. h3 cxd4 11. exd4 Nf6 12. O-O Bd7 13. Qe2 Ne4 14. Rae1 Be8
15. Qc2 Rc8 16. Qb1 Kh8 17. Kh1 g5 18. Nxc6 bxc6 19. Be5+ Kg8 20. Bxe4 fxe4 21.
Nh2 Bg6 22. Qd1 Rf7 23. Qg4 Qd7 24. Kg1 Rcf8 25. b4 h5 26. Qe2 Bd6 27. Bxd6
Qxd6 28. f3 Qg3 29. Qf2 Qd6 30. Qe2 h4 31. Qe3 Qf4 32. fxe4 Qxe3+ 33. Rxe3 Bxe4
34. Rxf7 Rxf7 35. Ng4 a5 36. a3 axb4 37. cxb4 Kg7 38. Ne5 Rf4 39. Nxc6 g4 40.
Ne5 g3 41. b5 Bc2 42. Nf3 Ba4 43. b6 Rf7 44. Rxe6 Bb5 45. Re5 Rb7 46. Nxh4 Rxb6
47. Rg5+ Kh7 48. Rxg3 Ra6 49. Kh2 Ra4 50. Nf5 Kh8 51. Nd6 Be2 52. Re3 Ba6 53.
Nf5 Bb5 54. g4 Bd7 55. Rd3 Bb5 56. Rb3 Bc4 57. Re3 Bb5 58. Nd6 Ba6 59. Nf5 Bb5
60. Kg3 Bd7 61. Kf4 Bxf5 62. Kxf5 Rxd4 63. Ke5 Rd1 64. Rf3 d4 65. Rf8+ Kg7 66.
Rd8 d3 67. Kd4 Rh1 68. Kc3 Rxh3 69. Rxd3 Rh1 70. Rd4 Rb1 71. Rb4 Ra1 72. a4 Kg6
73. Kc4 Kf6 74. Kb5 Ke6 75. a5 Rh1 76. Ka6 Rg1 77. Kb6 Kd7 78. Kb7 Rh1 79. a6
Kd6 80. Kb6 Kd7 81. a7 1-0

[Event "Lichtenberger Sommer 2024"]
[Site "Berlin"]
[Date "2024.08.18"]
[Round "9.52"]
[White "Schmidt, Dietrich"]
[Black "Becker, Werner"]
[Result "1/2-1/2"]
[WhiteElo "1932"]
[BlackElo "1788"]
[PlyCount "58"]
[EventDate "2024.08.10"]
[WhiteTeam "SV Empor Berlin e.V."]
[BlackTeam "SC Rochade e.V."]

1. e4 c5 2. Nc3 d6 3. f4 g6 4. Bc4 Nc6 5. d3 e6 6. Nf3 Bg7 7. O-O Nge7 8. Bb3
O-O 9. Kh1 Nd4 10. Be3 d5 11. Bf2 Nxb3 12. axb3 d4 13. Ne2 Nc6 14. g4 e5 15.
Bh4 f6 16. f5 g5 17. Bf2 Rf7 18. Ng3 b6 19. Kg2 h6 20. Rh1 Bh8 21. h4 Rh7 22.
Qd2 Nb4 23. Rh2 a5 24. Rah1 Raa7 25. Nh5 Qd6 26. Rh3 Bd7 27. hxg5 hxg5 28. Nxg5
fxg5 29. Qxg5+ Kf8 1/2-1/2

[Event "Lichtenberger Sommer 2024"]
[Site "Berlin"]
[Date "2024.08.18"]
[Round "9.53"]
[White "Reddi, Bhuvana"]
[Black "Vaz da Cruz, Vinicius"]
[Result "0-1"]
[WhiteElo "1927"]
[BlackElo "1768"]
[PlyCount "48"]
[EventDate "2024.08.10"]
[WhiteTeam "SC Weisse Dame e.V."]
[BlackTeam "SSV Rotation Berlin e.V."]

1. e4 e5 2. Nf3 Nc6 3. Bb5 a6 4. Ba4 Nf6 5. O-O Be7 6. Qe2 b5 7. Bb3 O-O 8. c3
d5 9. exd5 Nxd5 10. Nxe5 Nxe5 11. Qxe5 Bb7 12. d4 Qd7 13. Bc2 Nf6 14. f3 Rfe8
15. Qe2 Bd6 16. Qd3 g6 17. Bg5 Nh5 18. Qd2 c5 19. Be3 Qc7 20. f4 Qe7 21. dxc5
Bxc5 22. Bxc5 Qxc5+ 23. Qf2 Re2 24. Qxc5 Rxg2+ 0-1

[Event "Lichtenberger Sommer 2024"]
[Site "Berlin"]
[Date "2024.08.18"]
[Round "9.54"]
[White "Zesewitz, Marco"]
[Black "Krüger, Ekkehard"]
[Result "1-0"]
[WhiteElo "1689"]
[BlackElo "1894"]
[PlyCount "69"]
[EventDate "2024.08.10"]
[WhiteTeam "SV SF Friedrichshagen"]
[BlackTeam "SG NARVA Berlin e.V."]

1. e4 e5 2. Nf3 Nf6 3. Nxe5 d6 4. Nxf7 Kxf7 5. Nc3 g6 6. Bc4+ Kg7 7. d4 Nc6 8.
O-O Be7 9. h3 Rf8 10. f4 Ng8 11. d5 Nb8 12. Qd4+ Bf6 13. e5 Be7 14. e6+ Bf6 15.
Qd3 c6 16. g4 cxd5 17. Bxd5 Nc6 18. Be3 Nb4 19. Qd2 Nxd5 20. Qxd5 Ne7 21. Qd3
Kh8 22. Ne4 Bg7 23. Ng5 Qc7 24. f5 Nc6 25. fxg6 Ne5 26. Rxf8+ Bxf8 27. Qf5 Nxg6
28. Nf7+ Kg8 29. Rf1 Qe7 30. Ng5 Qg7 31. Nf7 Qxb2 32. Nh6+ Bxh6 33. Bxh6 Qb6+
34. Kh2 Qd8 35. Qf7+ 1-0

[Event "Lichtenberger Sommer 2024"]
[Site "Berlin"]
[Date "2024.08.18"]
[Round "9.55"]
[White "Allington, John C"]
[Black "Gehrke, Karsten"]
[Result "0-1"]
[WhiteElo "1735"]
[BlackElo "1890"]
[PlyCount "70"]
[EventDate "2024.08.10"]
[WhiteTeam "vereinslos"]
[BlackTeam "SV Mattnetz Berlin e.V."]

1. d4 Nf6 2. c4 e6 3. Nf3 Bb4+ 4. Bd2 Qe7 5. Nc3 O-O 6. Qc2 d5 7. e3 c5 8. cxd5
exd5 9. a3 cxd4 10. Nxd4 Ba5 11. Bd3 Nc6 12. O-O Nxd4 13. exd4 Qd8 14. Rfe1 Be6
15. Bg5 h6 16. Bh4 g5 17. Bg3 Bc7 18. Be5 Bxe5 19. dxe5 Nh5 20. g3 Rc8 21. Qe2
g4 22. Bc2 Kg7 23. Rad1 Qb6 24. Nb5 Rxc2 25. Qxc2 Qxb5 26. Rd4 Rc8 27. Qd1 Rc4
28. Qe2 Qc6 29. Rd2 Kg8 30. h3 Re4 31. Qd1 Rxe1+ 32. Qxe1 gxh3 33. Qe2 d4 34.
f4 Nxg3 35. Qd3 Qh1+ 0-1

[Event "Lichtenberger Sommer 2024"]
[Site "Berlin"]
[Date "2024.08.18"]
[Round "9.56"]
[White "Pruner, Ulf"]
[Black "Geyler, Stefan"]
[Result "0-1"]
[WhiteElo "1676"]
[BlackElo "1886"]
[PlyCount "30"]
[EventDate "2024.08.10"]
[WhiteTeam "SF Berlin 1903 e.V."]
[BlackTeam "BSG 1827 Eckbauer e.V."]

1. b4 e5 2. Bb2 Bxb4 3. Bxe5 Nf6 4. Nf3 O-O 5. e3 d5 6. Bb2 c5 7. Be2 Nc6 8. c3
Ba5 9. O-O Bc7 10. d4 c4 11. Nbd2 Re8 12. Kh1 h6 13. Re1 Bf5 14. Nf1 Ne4 15.
N3d2 Nxf2+ 0-1

[Event "Lichtenberger Sommer 2024"]
[Site "Berlin"]
[Date "2024.08.18"]
[Round "9.57"]
[White "Bradschetl, Tom"]
[Black "Bandsom, Olaf"]
[Result "1/2-1/2"]
[WhiteElo "1662"]
[BlackElo "1876"]
[PlyCount "39"]
[EventDate "2024.08.10"]
[WhiteTeam "SG NARVA Berlin e.V."]
[BlackTeam "SC Friesen Lichtenberg e.V."]

1. e4 e5 2. Nc3 Nc6 3. f4 d6 4. Nf3 Bd7 5. d4 Nxd4 6. Nxd4 exd4 7. Qxd4 Bc6 8.
Bd3 Qf6 9. Qf2 g6 10. Nd5 Bxd5 11. exd5 Ne7 12. c4 Bg7 13. O-O Qd4 14. Qxd4
Bxd4+ 15. Kh1 O-O-O 16. Rb1 f5 17. b4 Rhe8 18. Bd2 Ng8 19. Rfe1 Nf6 20. g3
1/2-1/2

[Event "Lichtenberger Sommer 2024"]
[Site "Berlin"]
[Date "2024.08.18"]
[Round "9.59"]
[White "Kapr, Klaus"]
[Black "Oldenburg, Theo"]
[Result "0-1"]
[WhiteElo "1862"]
[BlackElo "1762"]
[PlyCount "70"]
[EventDate "2024.08.10"]
[WhiteTeam "SC Friesen Lichtenberg e.V."]
[BlackTeam "SV Berolina Mitte e.V."]

1. e4 c5 2. Nf3 Nc6 3. d4 cxd4 4. Nxd4 Nf6 5. Nc3 e5 6. Ndb5 d6 7. Bg5 a6 8.
Na3 b5 9. Nd5 Be7 10. Bxf6 Bxf6 11. c3 O-O 12. Nc2 Rb8 13. Bd3 Bg5 14. h4 Bh6
15. g3 Ne7 16. Ncb4 Bb7 17. Qh5 f5 18. f3 a5 19. Nc2 Nxd5 20. exd5 Bxd5 21.
Bxf5 Qf6 22. O-O Qxf5 23. Qxf5 Rxf5 24. g4 Rxf3 25. Rxf3 Bxf3 26. g5 Bxg5 27.
hxg5 Bh5 28. Ne3 Kf7 29. Rf1+ Ke6 30. Nf5 Rb7 31. Ng3 Bf7 32. Kf2 Bg6 33. Ke3
Rf7 34. Rd1 Rf4 35. Ne2 Re4+ 0-1

[Event "Lichtenberger Sommer 2024"]
[Site "Berlin"]
[Date "2024.08.18"]
[Round "9.61"]
[White "Berndt, Ronson"]
[Black "Grassnickel, Lutz"]
[Result "1/2-1/2"]
[WhiteElo "1813"]
[BlackElo "1757"]
[PlyCount "69"]
[EventDate "2024.08.10"]
[WhiteTeam "SC Borussia Lichtenberg"]
[BlackTeam "Schach Nienberge 2003 e. V."]

1. e4 c6 2. d4 d5 3. exd5 cxd5 4. Bd3 Nc6 5. c3 Qc7 6. Nf3 Bg4 7. Be3 e6 8.
Nbd2 Nf6 9. h3 Bh5 10. Qc2 Bd6 11. O-O Bg6 12. a3 O-O 13. Bxg6 hxg6 14. Rac1
Na5 15. Rfe1 Nd7 16. Bg5 Rac8 17. Nb3 Nc4 18. Nbd2 Bf4 19. Bxf4 Qxf4 20. Nxc4
Rxc4 21. Qd2 Qxd2 22. Nxd2 Rc6 23. Nf3 Rfc8 24. Ne5 Nxe5 25. Rxe5 b5 26. Kf1
Rc4 27. Ree1 a5 28. Ke2 b4 29. axb4 axb4 30. Kd2 bxc3+ 31. bxc3 Rb8 32. Rb1 Ra8
33. Rec1 Kf8 34. Rb4 Ra4 35. Rcb1 1/2-1/2

[Event "Lichtenberger Sommer 2024"]
[Site "Berlin"]
[Date "2024.08.18"]
[Round "9.62"]
[White "Bastian, Reinhard"]
[Black "Siebert, Marco Leander"]
[Result "0-1"]
[WhiteElo "1803"]
[BlackElo "1683"]
[PlyCount "133"]
[EventDate "2024.08.10"]
[WhiteTeam "vereinslos"]
[BlackTeam "SC Tempo Göttingen"]

1. e4 c5 2. Nc3 d6 3. f4 g6 4. Nf3 Bg7 5. Bc4 Nf6 6. d3 a6 7. a4 Nc6 8. O-O O-O
9. f5 gxf5 10. Qe1 Nd7 11. Qh4 Nde5 12. Bh6 e6 13. Ng5 Qf6 14. Bxg7 Qxg7 15.
exf5 exf5 16. Nd5 Ng4 17. h3 Nh6 18. Rf3 Qd4+ 19. Qxd4 Nxd4 20. Rf2 Kg7 21. Nc7
Rb8 22. c3 Nc6 23. Re1 Ne5 24. Nf3 Nxc4 25. dxc4 Bd7 26. Re7 Bxa4 27. Ne6+ Kf6
28. Nxf8 Kxe7 29. Nxh7 f6 30. g4 fxg4 31. hxg4 Nxg4 32. Rg2 Ne5 33. Rg7+ Ke6
34. Nd2 b5 35. b3 b4 36. cxb4 Bc6 37. bxc5 dxc5 38. Ra7 Rb6 39. Nf8+ Kf5 40.
Kf2 Nd3+ 41. Kf1 Nb4 42. Nd7 Bxd7 43. Rxd7 Ke6 44. Rd8 Ke7 45. Ra8 f5 46. Ke2
Kf6 47. Rc8 Rc6 48. Rd8 Kg5 49. Kf3 Nc2 50. Rg8+ Kf6 51. Kf4 Nd4 52. Rh8 Ke7
53. Rh7+ Kd8 54. Rh3 Kc7 55. Ke5 a5 56. Nf3 Nxb3 57. Kxf5 a4 58. Ne1 Kb6 59.
Ke5 Ka5 60. Nc2 Rg6 61. Rh8 Rg2 62. Ra8+ Kb6 63. Ne3 Ra2 64. Nd5+ Kb7 65. Nc3
Kxa8 66. Nxa2 Kb7 67. Kd5 0-1

[Event "Lichtenberger Sommer 2024"]
[Site "Berlin"]
[Date "2024.08.18"]
[Round "9.63"]
[White "Kandeler, Christian"]
[Black "Jozsa, Lev"]
[Result "1-0"]
[WhiteElo "1869"]
[BlackElo "1505"]
[PlyCount "81"]
[EventDate "2024.08.10"]
[WhiteTeam "TSG Oberschöneweide e.V."]
[BlackTeam "SV Empor Berlin e.V."]

1. e4 c5 2. c3 e6 3. Nf3 d5 4. exd5 exd5 5. d4 cxd4 6. Nxd4 Nc6 7. Bb5 Bd7 8.
O-O a6 9. Ba4 Nxd4 10. Bxd7+ Qxd7 11. Qxd4 Nf6 12. Bg5 Be7 13. Re1 O-O 14. Nd2
Rfe8 15. Nf3 Rad8 16. a4 Ne4 17. Bxe7 Rxe7 18. Rad1 Qe8 19. h3 Rdd7 20. Re3 h6
21. Red3 Nf6 22. Qb4 Rc7 23. Rd4 Qc6 24. Kf1 Qc5 25. Nh4 a5 26. Qxc5 Rxc5 27.
Nf5 Rec7 28. Ne3 Kf8 29. Nxd5 Nxd5 30. Rxd5 Rc4 31. Rxa5 Ke7 32. Rdd5 Re4 33.
Re5+ Rxe5 34. Rxe5+ Kd6 35. Rb5 Re7 36. f3 g6 37. Kf2 g5 38. Rb6+ Ke5 39. Rxh6
Rd7 40. Rb6 f5 41. Rb5+ 1-0

[Event "Lichtenberger Sommer 2024"]
[Site "Berlin"]
[Date "2024.08.18"]
[Round "9.64"]
[White "Varazi, Maxime"]
[Black "Schneider, Eckehard"]
[Result "1-0"]
[WhiteElo "1689"]
[BlackElo "1863"]
[PlyCount "87"]
[EventDate "2024.08.10"]
[WhiteTeam "SV Empor Berlin e.V."]
[BlackTeam "SF Berlin 1903 e.V."]

1. e4 e6 2. d4 d5 3. Nd2 Nf6 4. e5 Nfd7 5. Bd3 c5 6. c3 b6 7. Ne2 Ba6 8. Bxa6
Nxa6 9. O-O Nc7 10. f4 Be7 11. Nf3 f5 12. Be3 c4 13. b3 b5 14. a4 a6 15. Qc2
Nb6 16. Nd2 O-O 17. Rf3 cxb3 18. Qxb3 Nc4 19. Qc2 Kh8 20. Rh3 g5 21. Nxc4 bxc4
22. fxg5 Bxg5 23. Qd2 Bxe3+ 24. Qxe3 Rg8 25. Qh6 Rg7 26. Rh5 Qe7 27. Nf4 Rag8
28. h4 Rg4 29. Rb1 Qg7 30. Qxg7+ R4xg7 31. Rb7 Re7 32. Nxe6 Rxe6 33. Rxc7 h6
34. Rxf5 Reg6 35. Rf2 Rg3 36. e6 Re8 37. e7 Kg7 38. Rf3 Rg4 39. Rf5 Rg3 40.
Rxd5 Rxc3 41. Rdc5 Kf6 42. R5c6+ Kf7 43. d5 Rxe7 44. d6 1-0

[Event "Lichtenberger Sommer 2024"]
[Site "Berlin"]
[Date "2024.08.18"]
[Round "9.65"]
[White "Kaplan, Arne"]
[Black "Rennspieß, Jens"]
[Result "1-0"]
[WhiteElo "1687"]
[BlackElo "1839"]
[PlyCount "77"]
[EventDate "2024.08.10"]
[WhiteTeam "Barnimer SF im SV Sta"]
[BlackTeam "SV Berolina Mitte e.V."]

1. e4 c6 2. Nc3 d5 3. Qf3 dxe4 4. Nxe4 Nf6 5. Bc4 e6 6. Ne2 Be7 7. O-O O-O 8.
d4 Nd5 9. c3 Nd7 10. Qg3 N7f6 11. Ng5 Nh5 12. Qg4 g6 13. Nf3 e5 14. Qe4 Bf5 15.
Bxd5 Bxe4 16. Bxe4 f5 17. Bc2 e4 18. Ne5 Kg7 19. Bb3 Qc7 20. Bf4 Bd6 21. Rad1
Rae8 22. g3 h6 23. Be3 g5 24. Nc4 f4 25. Nxd6 f3 26. Nxe8+ Rxe8 27. Nc1 Qc8 28.
Kh1 Qh3 29. Rg1 Nf6 30. g4 h5 31. Rg3 Qh4 32. Bxg5 Qxg5 33. gxh5 Qxg3 34. hxg3
Nxh5 35. Kg1 Rh8 36. Re1 Nf4 37. gxf4 Rh6 38. Rxe4 Rg6+ 39. Kh2 1-0

[Event "Lichtenberger Sommer 2024"]
[Site "Berlin"]
[Date "2024.08.18"]
[Round "9.66"]
[White "Liu, Peilin"]
[Black "Mazurtsova, Margarita"]
[Result "0-1"]
[WhiteElo "1608"]
[BlackElo "1792"]
[PlyCount "52"]
[EventDate "2024.08.10"]
[WhiteTeam "SVG Saarbrücken 1970 e.V."]
[BlackTeam "SC Kreuzberg e.V."]

1. e4 e6 2. d4 d5 3. exd5 exd5 4. Bd3 Bd6 5. Nf3 Ne7 6. O-O O-O 7. Be3 Bf5 8.
Nc3 c6 9. Re1 Bg6 10. Bxg6 Nxg6 11. Qd2 Qc7 12. Ne2 Nd7 13. Ng3 Rfe8 14. c3 h6
15. Nh5 Re6 16. Kh1 Rae8 17. Rg1 Nf6 18. g4 Ne4 19. Qc1 Be7 20. g5 hxg5 21.
Nxg5 Bxg5 22. Bxg5 Nxf2+ 23. Kg2 Re2 24. Kf3 Nh3 25. Rg3 Rf2+ 26. Kg4 Qd7# 0-1

[Event "Lichtenberger Sommer 2024"]
[Site "Berlin"]
[Date "2024.08.18"]
[Round "9.67"]
[White "Stein, Siegfried"]
[Black "Mannaberg, Steffen"]
[Result "1-0"]
[WhiteElo "1783"]
[BlackElo "1756"]
[PlyCount "47"]
[EventDate "2024.08.10"]
[WhiteTeam "SV Berolina Mitte e.V."]
[BlackTeam "vereinslos"]

1. e4 e5 2. Nc3 c6 3. Bc4 Nf6 4. d3 d6 5. f4 Nbd7 6. Nf3 b5 7. Bb3 Qb6 8. fxe5
Nxe5 9. Qe2 Nxf3+ 10. gxf3 Be6 11. Be3 Qb7 12. Rg1 a5 13. f4 a4 14. Bxe6 fxe6
15. e5 Nd5 16. Nxd5 cxd5 17. Bd4 Ra6 18. c3 Rg8 19. Qg4 Qf7 20. O-O-O g6 21.
Kc2 Bh6 22. Rdf1 Rf8 23. exd6 Bxf4 24. Rxf4 1-0

[Event "Lichtenberger Sommer 2024"]
[Site "Berlin"]
[Date "2024.08.18"]
[Round "9.68"]
[White "Müller, Leon"]
[Black "Uhlenbrock, Sven"]
[Result "1/2-1/2"]
[WhiteElo "1550"]
[BlackElo "1780"]
[PlyCount "64"]
[EventDate "2024.08.10"]
[WhiteTeam "SV Mattnetz Berlin e.V."]
[BlackTeam "vereinslos"]

1. d4 d6 2. Nf3 Nf6 3. Bf4 g6 4. e3 Bg7 5. h3 O-O 6. Bd3 Nbd7 7. e4 Nh5 8. Be3
e5 9. dxe5 Nxe5 10. Nxe5 Bxe5 11. Nc3 c6 12. Qf3 Be6 13. O-O f5 14. Bh6 Ng7 15.
exf5 Bxf5 16. Bxf5 Rxf5 17. Qg4 Qf6 18. Ne4 Qd8 19. Rab1 Qc7 20. c3 d5 21. Ng3
Bxg3 22. Qxg3 Qxg3 23. fxg3 Rxf1+ 24. Rxf1 Nf5 25. Bf4 Re8 26. g4 Ng7 27. Bd6
Ne6 28. Re1 Kf7 29. Rf1+ Kg8 30. Re1 Kf7 31. Rf1+ Kg8 32. Re1 Kf7 1/2-1/2

[Event "Lichtenberger Sommer 2024"]
[Site "Berlin"]
[Date "2024.08.18"]
[Round "9.69"]
[White "Pöltelt, Helmut"]
[Black "Ali, Maha"]
[Result "1/2-1/2"]
[WhiteElo "1764"]
[BlackElo "1527"]
[PlyCount "131"]
[EventDate "2024.08.10"]
[WhiteTeam "SC Eintracht Berlin e.V."]
[BlackTeam "SC Kreuzberg e.V."]

1. e4 c6 2. d4 d5 3. e5 Bf5 4. Bd3 Bxd3 5. Qxd3 Qa5+ 6. c3 e6 7. b4 Qa6 8. Qf3
Ne7 9. Ne2 Nd7 10. O-O Nf5 11. Nd2 Be7 12. Ng3 Nxg3 13. Qxg3 O-O 14. Nf3 Rfc8
15. Bh6 g6 16. h4 Bf8 17. Bd2 Bg7 18. Qh3 h6 19. Nh2 Kh7 20. Qf3 Rf8 21. Ng4
Qb6 22. Nf6+ Bxf6 23. exf6 Qd8 24. Qe3 Qxf6 25. Qxh6+ Kg8 26. a4 Nb6 27. a5 Nc4
28. Bf4 b6 29. axb6 axb6 30. Rxa8 Rxa8 31. h5 Qg7 32. hxg6 Qxg6 33. Qxg6+ fxg6
34. Re1 Kf7 35. Bg5 Ra2 36. Rc1 e5 37. dxe5 Nxe5 38. Re1 Nd3 39. Re7+ Kf8 40.
Bh4 Nxf2 41. Re6 Ne4 42. Rxg6 Nxc3 43. Rxc6 d4 44. Bg5 Ra1+ 45. Kh2 Ne4 46. Bf4
b5 47. Re6 Nc3 48. Rd6 Ne2 49. Be5 Rd1 50. Bf6 d3 51. Bg5 Nc3 52. Rd4 Kf7 53.
g4 Ke6 54. Bh6 Ne2 55. Rd8 Ke5 56. Kg2 Ke4 57. Kf2 Rg1 58. Re8+ Kd4 59. Be3+
Kc3 60. Re4 Ng3 61. Re8 Ne2 62. g5 Kxb4 63. Bd2+ Ka3 64. Rxe2 Rxg5 65. Bxg5
dxe2 66. Kxe2 1/2-1/2

[Event "Lichtenberger Sommer 2024"]
[Site "Berlin"]
[Date "2024.08.18"]
[Round "9.70"]
[White "Romanotto, Leonardo"]
[Black "Reißmann, Edmund"]
[Result "1-0"]
[WhiteElo "1499"]
[BlackElo "1720"]
[PlyCount "55"]
[EventDate "2024.08.10"]
[WhiteTeam "SV Mattnetz Berlin e.V."]
[BlackTeam "SV Erzgebirge Stollberg"]

1. e4 c6 2. Nf3 d5 3. Nc3 Bg4 4. h3 Bxf3 5. gxf3 e6 6. d4 Be7 7. Rg1 g6 8. Be3
Nd7 9. Qd2 b5 10. Ne2 a5 11. a3 Nb6 12. b3 Nf6 13. e5 Nfd7 14. Bh6 c5 15. Bg7
Rg8 16. Qh6 Bf8 17. Bxf8 Nxf8 18. Ng3 c4 19. Nh5 Nbd7 20. Ng7+ Rxg7 21. Qxg7
Qb6 22. Rg4 Nb8 23. Rf4 Ra7 24. Rb1 c3 25. b4 a4 26. Qg8 Nc6 27. Rd1 Ne7 28.
Qxf7+ 1-0

[Event "Lichtenberger Sommer 2024"]
[Site "Berlin"]
[Date "2024.08.18"]
[Round "9.71"]
[White "Goldmann, Nils"]
[Black "Maxin, Falko"]
[Result "0-1"]
[WhiteElo "1611"]
[BlackElo "1755"]
[PlyCount "100"]
[EventDate "2024.08.10"]
[WhiteTeam "vereinslos"]
[BlackTeam "TSG Oberschöneweide e.V."]

1. e4 e5 2. Nf3 Nc6 3. Bc4 Bc5 4. b4 Bxb4 5. c3 Ba5 6. Qb3 Qe7 7. O-O Bb6 8.
Qc2 h6 9. Bb2 Nf6 10. d4 d6 11. Nbd2 O-O 12. a4 a6 13. Kh1 Bg4 14. Nh4 exd4 15.
Ng6 Qd7 16. Nxf8 Rxf8 17. f3 Be6 18. cxd4 Nxd4 19. Bxd4 Bxd4 20. Rab1 d5 21.
Ba2 c6 22. Rfe1 Ba7 23. Qb2 b5 24. axb5 axb5 25. exd5 Nxd5 26. Ne4 Rb8 27. Red1
Qe7 28. Ra1 Ne3 29. Re1 Nc4 30. Bxc4 Bxc4 31. Nd2 Be6 32. Qe5 Qd7 33. Red1 Rd8
34. Qe2 Bd4 35. Ne4 Qe7 36. Ra6 c5 37. Qc2 c4 38. Nd2 Qb7 39. Ra5 Bf6 40. Ne4
Qb6 41. Ra3 b4 42. Ra4 b3 43. Qe2 b2 44. Ra6 b1=Q 45. Rxb6 Qxb6 46. h3 Ra8 47.
Rd2 Ra1+ 48. Kh2 Qb1 49. f4 Qb8 50. g3 Qb1 0-1

[Event "Lichtenberger Sommer 2024"]
[Site "Berlin"]
[Date "2024.08.18"]
[Round "9.72"]
[White "Wahner, Eberhard"]
[Black "Schacht, Thomas"]
[Result "0-1"]
[WhiteElo "1775"]
[BlackElo "1704"]
[PlyCount "110"]
[EventDate "2024.08.10"]
[WhiteTeam "SC Eintracht Berlin e.V."]
[BlackTeam "BSV 63 Chemie Weißensee"]

1. c4 c5 2. g3 Nc6 3. Bg2 g6 4. Nc3 Bg7 5. Nf3 e5 6. e4 Nge7 7. O-O O-O 8. d3
d6 9. a3 Bg4 10. h3 Be6 11. Rb1 Rb8 12. b4 b6 13. Kh2 f5 14. Ng5 Bd7 15. Bd2 h6
16. Nf3 fxe4 17. dxe4 Nd4 18. Nxd4 cxd4 19. Ne2 Be6 20. Rc1 Rc8 21. Qa4 Bxc4
22. Rce1 a6 23. f4 Bb5 24. Qb3+ Kh7 25. Qb1 Rc6 26. f5 Qc8 27. g4 Rc2 28. Qd1
Bd3 29. Bc1 Qc4 30. Rf2 Rc8 31. Bd2 gxf5 32. gxf5 Bf6 33. Bf3 Bh4 34. Ng3 Rg8
35. Rg2 Qa2 36. Reg1 Bxg3+ 37. Kh1 Bf4 38. Bxf4 exf4 39. Qxd3 Rc3 40. Qf1 Qxa3
41. Bg4 h5 42. Be2 Rxh3+ 43. Rh2 Rxh2+ 44. Kxh2 Rxg1 45. Qxg1 Qg3+ 46. Qxg3
fxg3+ 47. Kxg3 Kh6 48. Kh4 d5 49. exd5 Nxf5+ 50. Kh3 a5 51. bxa5 bxa5 52. Bd3
Nd6 53. Kh4 a4 54. Bc2 a3 55. Bb3 d3 0-1

[Event "Lichtenberger Sommer 2024"]
[Site "Berlin"]
[Date "2024.08.18"]
[Round "9.73"]
[White "Giehl, Juergen"]
[Black "Ollek, Karl-Heinz"]
[Result "1-0"]
[WhiteElo "1728"]
[BlackElo "1763"]
[PlyCount "119"]
[EventDate "2024.08.10"]
[WhiteTeam "SV Multatuli Ingelheim e.V."]
[BlackTeam "SC Friesen Lichtenberg e.V."]

1. d4 Nf6 2. c4 g6 3. Nc3 d5 4. Nf3 Bg7 5. Bg5 c6 6. e3 h6 7. Bh4 Bf5 8. Bd3
Ne4 9. cxd5 cxd5 10. Qc2 g5 11. Bg3 Nxg3 12. hxg3 Bxd3 13. Qxd3 e6 14. Qb5+ Qd7
15. Kd2 Qxb5 16. Nxb5 Kd7 17. Rac1 Na6 18. a3 Rac8 19. Rxc8 Rxc8 20. Nxa7 Rh8
21. Nb5 f6 22. g4 Rc8 23. Kd3 e5 24. dxe5 Nc5+ 25. Ke2 fxe5 26. Rd1 Ke6 27. Rc1
Kd7 28. b4 Na4 29. Rxc8 Kxc8 30. Nd6+ Kb8 31. Nf7 e4 32. Nd4 Ka7 33. Kd2 Nb6
34. a4 Nxa4 35. Nf5 Bc3+ 36. Kc2 Bf6 37. N7xh6 Nb6 38. Ng8 Bh8 39. Nge7 Kb8 40.
f3 exf3 41. gxf3 Bf6 42. f4 Kc7 43. Ng8 Bd8 44. Nd4 Kd6 45. Nh6 Ke7 46. fxg5
Nc4 47. Ndf5+ Kd7 48. g6 Bf6 49. g5 Bh8 50. Kd3 Ne5+ 51. Ke2 Nxg6 52. Kf3 Ne5+
53. Kg3 Ke8 54. Nd6+ Kd7 55. Nxb7 Nc4 56. Nc5+ Kd6 57. Nf5+ Kc6 58. g6 Be5+ 59.
Kf2 Nd2 60. g7 1-0

[Event "Lichtenberger Sommer 2024"]
[Site "Berlin"]
[Date "2024.08.18"]
[Round "9.74"]
[White "Küster, Finn"]
[Black "Bunkens, Rudi"]
[Result "1/2-1/2"]
[WhiteElo "1679"]
[BlackElo "1739"]
[PlyCount "38"]
[EventDate "2024.08.10"]
[WhiteTeam "Spandauer SV e.V."]
[BlackTeam "Koninklijke Gentse SK"]

1. Nf3 Nf6 2. c4 c5 3. e3 d5 4. cxd5 Nxd5 5. d4 Nc6 6. Be2 e6 7. O-O Be7 8. Nc3
Nxc3 9. bxc3 O-O 10. c4 Bf6 11. Bb2 b6 12. Rb1 Qe7 13. Qc2 cxd4 14. exd4 Bb7
15. Rfe1 Rfd8 16. Rbd1 Qf8 17. d5 exd5 18. Bxf6 gxf6 19. cxd5 Nb4 1/2-1/2